| 000 | 00613nam a22002177a 4500 | ||
|---|---|---|---|
| 003 | OSt | ||
| 005 | 20140310182228.0 | ||
| 008 | 130910t xxu||||| |||| 00| 0 eng d | ||
| 020 | _a0553156888 | ||
| 050 |
_aPZ 7 _b.Su968s28 1989 |
||
| 082 |
_aFIC _bSu9sv #28 |
||
| 100 |
_aSuzanne, Jamie _94455 |
||
| 245 |
_aApril fool! / _cwritten by Jamie Suzanne; created by Francine Pascal. |
||
| 260 |
_aNew York : _bBantam Books, _c1989. |
||
| 300 |
_a100 p. ; _c20 cm. |
||
| 440 |
_aSweet Valley Twins and friends _n#28 _917914 |
||
| 650 |
_aFiction _9746 |
||
| 942 |
_2lcc _cBK-FIC |
||
| 999 |
_c10848 _d10848 |
||